Top 10 Norwich City Premier League Scorers - Statistics

General Stats
  • This quiz has been taken 101 times
  • The average score is 3 of 10
Answer Stats
Player Goals % Correct
Teemu Pukki 22
96%
Grant Holt 23
56%
Chris Sutton 33
41%
Wes Hoolahan 12
31%
Efan Ekoku 15
21%
Mark Robins 16
18%
Ruel Fox 11
18%
Anthony Pilkington 14
15%
Robert Snodgrass 12
10%
Steve Morison 10
10%
No matching quizzes found
Score Distribution
Percent of People with Each Score
Percentile by Number Answered
Your Score History
You have not taken this quiz